Country or County ? - Statistics

General Stats
  • This quiz has been taken 37 times
  • The average score is 49 of 60
Answer Stats
Hint Explanation Answer % Correct
Fairfield Connecticut, Ohio, South Carolina County
93%
Chad Africa Country
89%
Morrow Ohio, Oregon County
89%
Douglas Colorado, Georgia, Illinois, Kansas, Minnesota, Missouri, Nebraska, Nevada, Oregon, South Dakota, Washington, Wisconsin County
89%
Florence South Carolina, Wisconsin County
89%
Stone Arkansas, Mississippi, Missouri County
89%
Island Washington County
89%
Fiji Oceania Country
85%
Israel Asia Country
85%
Val Verde Texas County
85%
Levy Florida County
85%
Barber Kansas County
85%
Fresno California County
85%
Powder River Montana County
85%
Riverside California County
85%
Bucks County
85%
Bear Lake Idaho County
85%
Monroe Alabama, Arkansas, Florida, Georgia, Illinois, Indiana, Iowa, Kentucky, Michigan, Mississippi, Missouri, New York, Ohio, Pennsylvania, Tennessee, West Virginia, Wisconsin County
85%
Emanuel Georgia County
85%
Floyd Georgia, Indiana, Iowa, Kentucky, Texas, Virginia County
85%
Hidalgo New Mexico, Texas County
85%
Randolph Alabama, Arkansas, Georgia, Illinois, Indiana, Missouri, North Carolina, West Virginia County
85%
Cheyenne Colorado, Kansas, Nebraska County
85%
Slovenia Europe Country
81%
Cameroon Africa Country
81%
Jordan Asia Country
81%
Australia Oceania Country
81%
Dominica North America Country
81%
New Zealand Oceania Country
81%
Williamson Illinois, Tennessee, Texas County
81%
Kewaunee Wisconsin County
81%
Woods Oklahoma County
81%
Ashley Arkansas County
81%
Harney Oregon County
81%
Converse Wyoming County
81%
Itawamba Mississippi County
81%
Stevens Kansas, Minnesota, Washington County
81%
Somerset Maine, Maryland, New Jersey, Pennsylvania County
81%
Essex Massachusetts, New Jersey, New York, Vermont, Virginia County
81%
Northumberland Pennsylvania, Virginia County
81%
Petersburg Alaska, Virginia County
81%
Iceland Europe Country
78%
France Europe Country
78%
Botswana Africa Country
78%
Vatican City Europe Country
78%
Rwanda Africa Country
78%
Cuba North America Country
78%
Canada North America Country
78%
Bolivia South America Country
78%
Lewis Idaho, Kentucky, Missouri, New York, Tennessee, Washington, West Virginia County
78%
Yates New York County
78%
Dallas Alabama, Arkansas, Iowa, Missouri, Texas County
78%
Egypt Africa Country
74%
Hawaii Hawaii County
74%
Pontotoc Mississippi, Oklahoma County
74%
Phelps Missouri, Nebraska County
74%
Pike Alabama, Arkansas, Georgia, Illinois, Indiana, Kentucky, Mississippi, Missouri, Ohio, Pennsylvania County
74%
Morgan Alabama, Colorado, Georgia, Illinois, Indiana, Kentucky, Missouri, Ohio, Tennessee, Utah, West Virginia County
74%
Gratiot Michigan County
70%
Scotland Missouri, North Carolina County
56%
No matching quizzes found
Score Distribution
Percent of People with Each Score
Percentile by Number Answered
Your Score History
You have not taken this quiz